000 01108naa a22002537i 4500
001 232511
003 ES-MaBCM
005 20260303170907.0
008 260226s2026 sp ||||| ||||o00| 0 spa d
040 _cES-MaBCM
100 1 _aBellido Venegas, Eva
_9131201
245 1 0 _aCuidadoras de personas dependientes en España :
_bdesigualdades, invisibilidad social y consecuencias físicas y mentales = Carers of dependent individuals in Spain : inequalities, social invisibility, and physical and psychological consequences
_cEva M.ª Bellido Venegas, M.ª Violante Martínez Quintana
500 _aContiene cuadros
504 _aBibliografía: p. 16-19
650 7 _aPersonal de servicios
_960240
650 7 _aMujer en el trabajo
_959496
650 7 _aCondición de trabajo
_958033
650 7 _aDesigualdad social
_958386
650 0 _aDependencia
_9124774
651 4 _aEspaña
_9115342
700 1 _aMartínez Quintana, María Violante
_929605
773 0 _dMadrid
_gN. 193 (en.-marzo 2026), p. 3-20 - Loc. S.031
_tREIS revista española de investigaciones sociológicas
_w104569
942 _2udc
_cAREV
999 _c232511
_d232511